1957 1399 1188 1649 1297 1172 1438 1634 1664 1319 1026 1533 1026 1598 1019 1131 1665 1206 1149 1958 1804 1875 1828 1024 1253 1386 1625 1634 1677 1455 1130 1673 1118 1649 1734 1714 1737 1779 1097 1056 1146 1631 1362 1422 1496 1735 1464 1422 1285 1850 1678 1556 1152 1979 1138 1601 1479 1056 1496 1879 1356 1619 1020 1404 1111 1325 1818 1203 1217 1220 1217 1640 1053 1537 1175 1542 1028 1353 1201 1355 1010 1101 1563 1799 1487 1134 1841 1400 1471 1443 1352 1178 1145 1430 1288 1659 1466 1127 1065 BCNSPRNW ULIB Ver.6.0+V

เปลี่ยนเป็นภาษาไทย

Change to English
 แสดงรายละเอียดบรรณานุกรม
  กลับหน้าหลัก

Brief Record : Get Marc (ISO 2709) : E-mail record : QR code < ปิดหน้าต่าง
LEADER : 00000nam 2200000uu 4500
001    13399127186
003     ULIB
008    191021s2562||||th 000 0 tha d
020 ^- ^a9786163471338
050 ^- ^aนว.^bป534ส
100 0^ aปัณฑารีย์.
245 10 ^aเสน่หาใกล้ใจ /^cปัณฑารีย์.
250 ^- ^aพิมพ์ครั้งที่ 1.
260 ^- ^aกรุงเทพฯ :^bห้างหุ้นส่วนจำกัด ไลด์ ออฟ เลิฟ บุ๊คส์,^c2562
300 ^- ^a272 หน้า.
945    ^p265^l0^i27878
999    ^aกัณชพร จุลอักษร
รายการนี้ยังไม่มีแท็ก
คุณยังไม่ได้ล็อกอิน คุณสามารถมีกิจกรรมร่วมกับเว็บไซต์ได้ แต่ต้องล็อกอินก่อน ::
  ล็อกอิน

รายการสื่อสารสนเทศ

ลำดับที่ ประเภท เลขเรียก/บาร์โค้ด สถานที่ สถานะ
1. วิทยาศาสตร์การแพทย์ และสุขภาพ
วิทยาศาสตร์การแพทย์ และสุขภาพ
นว. ป534ส ฉ.1 
  Barcode: 27878
ห้องสมุดวิทยาเขตนครสวรรค์
►นวนิยาย:l:Fiction
บนชั้น

BibComment


ยังไม่เคยถูกคอมเมนท์

คอมเมนท์ทรัพยากรรายการนี้
  คอมเมนท์: เสน่หาใกล้ใจ ปั..


 Copyright 2026. Bcnsprnw @Library